Boom Bang-A-Bang - Lulu (All Lyrics) - Statistics

General Stats
  • This quiz has been taken 7 times
  • The average score is 202 of 247
Answer Stats
Answer % Correct
a-
100%
a
100%
bang-
100%
bang,
100%
bang
100%
Boom
100%
boom
100%
ear
100%
go
100%
goes
100%
hear
100%
heart
100%
I
100%
in
100%
it
100%
me
100%
mine?
100%
my
100%
My
100%
The
100%
the
100%
to
100%
when
100%
When
100%
you
100%
your
100%
Your
100%
all
83%
and
83%
are
83%
be
83%
beat
83%
Come
83%
come
83%
feeling
83%
I'm
83%
is
83%
It's
83%
love
83%
near
83%
of
83%
right
83%
so
83%
So
83%
time
83%
arms
67%
Close
67%
closer,
67%
closer
67%
keep
67%
listen
67%
Loud
67%
lovely
67%
on
67%
tonight
67%
we're
67%
away,
50%
away
50%
cuddle
50%
keeps
50%
missing
50%
Now
50%
Pounding
50%
pounding
50%
such
50%
That's
50%
tight
50%
wanna
50%
Won't
50%
Don't
33%
don't
33%
kiss
33%
kissing
33%
most
33%
notice
33%
stay
33%
too
33%
waiting
33%
exciting
17%
heartbeat
17%
hold
17%
inviting
17%
life
17%
smile
17%
through
17%
warm
17%
whole
17%
thought
0%
No matching quizzes found
Score Distribution
Percent of People with Each Score
Percentile by Number Answered
Your Score History
You have not taken this quiz